00771nam a2200241 a 4500001001000000003000900010005001700019007000300036008004100039040003000080041000800110082003100118100002700149245005400176260000600230264004700236300002800283336002700311337003300338338002800371600005200399651007800451000032886DO-SdBNP20250130072223.0ta110801t1957 sp r 001 0bspa d aDO-SdBNPbspacBNPHUerda hspa a923.17293bT866h, 19572221 aHerraiz, Ismaeleautor10aTrujillo dentro de la historia /cIsmael Herraiz. c. aMadrid, España :bEdiciones Acies,c1957 a420 páginas ;c22 cm. ardacontentbtexto2txt ardamediabsin mediación2n ardacarrierbvolumen2nc10aTrujillo Molina, Rafael Leónidas,d 1891-1961 4aRepública DominicanaxPolítica Y GobiernoyERA DE TRUJILLO, 1930-1961